| 000 | 00361nam a22001217a 4500 | ||
|---|---|---|---|
| 082 | _a200 THE | ||
| 100 |
_aAyesha Shahnaz _970362 |
||
| 245 | _aTH-SOF-1720-Using Blockchain for Electronic Health Records | ||
| 260 |
_aISLAMABAD _bNUST COLLEGE OF EME _c2019 |
||
| 650 |
_aMS-CSE-2017 MSTHESIS _970363 |
||
| 700 |
_aSupervisor: Dr. Usman Qamar _969693 |
||
| 942 | _cCF | ||
| 999 |
_c577349 _d577349 |
||